[Event "South Wales op 10th"]
[Site "Penarth"]
[Date "2013.07.16"]
[Round "5"]
[White "Ehsandar, Peter"]
[Black "De Brouwere, Johan"]
[Result "1-0"]
[WhiteElo "1959"]
[BlackElo "1727"]
[PlyCount "31"]
[EventDate "2013.07.14"]
[EventType "swiss"]
[EventRounds "9"]
[EventCountry "WLS"]
[SourceTitle "CBM 155 Extra"]
[Source "ChessBase"]
[SourceDate "2013.08.26"]
[SourceVersion "1"]
[SourceVersionDate "2013.08.26"]
[SourceQuality "1"]

1. e4 e5 2. Nf3 Nf6 3. Nxe5 d6 4. Nf3 Nxe4 5. Nc3 Nf6 6. d4 d5 7. Bg5 Be7 8. Bd3 0-0 9. Qd2 Nc6 10. 0-0-0 Nb4 11. Rhe1 Nxd3+ 12. Qxd3 Re8 13. Kb1 Bg4 14. Bxf6 Bxf3 15. Rxe7 Rxe7 16. Bxe7 1-0

[Event "La Fere op 11th"]
[Site "La Fere"]
[Date "2012.07.07"]
[Round "1"]
[White "Feryn, Alexandre"]
[Black "De Brouwere, Johan"]
[Result "1-0"]
[WhiteElo "2114"]
[BlackElo "1786"]
[PlyCount "45"]
[EventDate "2012.07.07"]
[EventType "swiss"]
[EventRounds "9"]
[EventCountry "FRA"]
[SourceTitle "CBM 149 Extra"]
[Source "ChessBase"]
[SourceDate "2012.08.24"]
[SourceVersion "1"]
[SourceVersionDate "2012.08.24"]
[SourceQuality "1"]

1. e4 e5 2. Nf3 Nf6 3. Nxe5 d6 4. Nf3 Nxe4 5. d4 d5 6. Bd3 Be7 7. 0-0 Nc6 8. Re1 Bg4 9. c3 f5 10. Nbd2 0-0 11. Qb3 Kh8 12. Qxb7 Rf6 13. Qb3 Rb8 14. Qc2 Rg6 15. a3 Bh4 16. g3 h5 17. b4 Bh3 18. Nxe4 fxe4 19. Bxe4 dxe4 20. Qxe4 Qf6 21. Qxh4 Bg4 22. Qxf6 Rxf6 23. Ne5 1-0

[Event "La Fere op 10th"]
[Site "La Fere"]
[Date "2011.07.08"]
[Round "8.20"]
[White "Hutin, Evgueny"]
[Black "De Brouwere, Johan"]
[Result "1-0"]
[WhiteElo "1923"]
[BlackElo "1768"]
[PlyCount "45"]
[EventDate "2011.07.02"]
[EventType "swiss"]
[EventRounds "9"]
[EventCountry "FRA"]
[SourceTitle "EXT 2012"]
[Source "ChessBase"]
[SourceDate "2011.11.24"]
[SourceVersion "1"]
[SourceVersionDate "2011.11.24"]
[SourceQuality "1"]

1. d4 d5 2. Nf3 Nf6 3. c4 e6 4. Nc3 c6 5. e3 Be7 6. Bd3 Nbd7 7. 0-0 0-0 8. Qe2 c5 9. Ne5 cxd4 10. exd4 dxc4 11. Nxc4 Nd5 12. Ne4 N7f6 13. Rd1 Qc7 14. Ne5 Nxe4 15. Qxe4 Nf6 16. Qh4 g6 17. Bh6 Re8 18. Rac1 Qd8 19. Qf4 Bf8 20. Bb1 Qe7 21. Bg5 Bg7 22. Qh4 b6 23. Ng4 1-0

[Event "La Fere op 10th"]
[Site "La Fere"]
[Date "2011.07.05"]
[Round "5.39"]
[White "De Brouwere, Johan"]
[Black "Blondel, Francis"]
[Result "1-0"]
[WhiteElo "1768"]
[BlackElo "1541"]
[PlyCount "159"]
[EventDate "2011.07.02"]
[EventType "swiss"]
[EventRounds "9"]
[EventCountry "FRA"]
[SourceTitle "EXT 2012"]
[Source "ChessBase"]
[SourceDate "2011.11.24"]
[SourceVersion "1"]
[SourceVersionDate "2011.11.24"]
[SourceQuality "1"]

1. d4 d5 2. Nf3 Nf6 3. Bf4 e6 4. e3 Nbd7 5. Bd3 c5 6. c3 cxd4 7. exd4 Be7 8. h3 0-0 9. Nbd2 Re8 10. Qc2 Nf8 11. 0-0 Nh5 12. Bh2 Bd6 13. Bxd6 Qxd6 14. Rfe1 Nf4 15. Bf1 N8g6 16. Ne5 Ne7 17. Ndf3 f6 18. Nd3 Neg6 19. g3 Nh5 20. Qe2 Bd7 21. Nh2 Nxg3 22. fxg3 Qxg3+ 23. Qg2 Qd6 24. Nf3 Bb5 25. Qh2 Qxh2+ 26. Kxh2 Bxd3 27. Bxd3 Nf4 28. Bc2 Re7 29. Re3 g5 30. Rc1 h5 31. Ng1 Rae8 32. Ne2 e5 33. Nxf4 gxf4 34. Rf3 Kf7 35. Bb3 Rd8 36. dxe5 fxe5 37. Rd1 Red7 38. Rg1 Kf6 39. Bc2 d4 40. Rg6+ Kf7 41. cxd4 Rxd4 42. Rg2 Kf6 43. Kg1 Kf7 44. Bg6+ Ke6 45. Bxh5 Rd1+ 46. Kh2 R1d2 47. Bg4+ Kf6 48. Rff2 R2d4 49. Rg1 Rd2 50. Rxd2 Rxd2+ 51. Rg2 Rd4 52. Rf2 Rd3 53. Kg2 Kg5 54. Re2 Kf6 55. Bf3 b6 56. Kf2 Ke6 57. Bg4+ Kf6 58. Ke1 Rd4 59. Rd2 Rxd2 60. Kxd2 e4 61. Ke2 Kg5 62. Be6 Kf6 63. Bd5 Ke5 64. Bxe4 Kxe4 65. h4 Ke5 66. Kf3 Kf5 67. b4 Ke5 68. b5 Kf5 69. a4 Ke5 70. h5 Kf5 71. h6 Kg6 72. Kxf4 Kxh6 73. Ke5 Kg6 74. Kd6 Kf6 75. Kc7 Ke5 76. Kb7 Kd6 77. Kxa7 Kc5 78. Ka6 Kb4 79. Kxb6 Kxa4 80. Kc6 1-0

[Event "La Fere op"]
[Site "La Fere"]
[Date "2010.07.09"]
[Round "8"]
[White "Paillard, Maximilien"]
[Black "De Brouwere, Johan"]
[Result "0-1"]
[WhiteElo "1573"]
[BlackElo "1835"]
[PlyCount "76"]
[EventDate "2010.07.03"]
[EventType "swiss"]
[EventRounds "9"]
[EventCountry "FRA"]
[SourceTitle "CBM 137 Extra"]
[Source "ChessBase"]
[SourceDate "2010.09.01"]
[SourceVersion "1"]
[SourceVersionDate "2010.09.01"]
[SourceQuality "1"]

1. d4 d5 2. e3 Nf6 3. Bd3 g6 4. Nd2 Bg7 5. f4 0-0 6. Ngf3 c5 7. c3 Nc6 8. 0-0 Ng4 9. Qe1 f6 10. dxc5 e5 11. e4 dxe4 12. Bc4+ Kh8 13. Nxe4 Na5 14. Bb3 Nxb3 15. axb3 f5 16. Nd6 e4 17. Ng5 Qc7 18. b4 h6 19. Nh3 a5 20. Be3 Nxe3 21. Qxe3 Be6 22. Qe2 axb4 23. cxb4 b6 24. Nb5 Qc6 25. Rfd1 Rxa1 26. Rxa1 bxc5 27. Rc1 c4 28. Na3 Qb6+ 29. Nf2 Qxb4 30. Nd1 Rd8 31. Rc2 Qd6 32. Nf2 Qb4 33. Nd1 Bd4+ 34. Kf1 Ba7 35. Ne3 Qb6 36. Rc3 Rd3 37. Nac2 Qxb2 38. Ra3 Rxa3 0-1

[Event "La Fere op"]
[Site "La Fere"]
[Date "2010.07.05"]
[Round "3"]
[White "De Brouwere, Johan"]
[Black "Vernede, Victor"]
[Result "0-1"]
[WhiteElo "1835"]
[BlackElo "1650"]
[PlyCount "92"]
[EventDate "2010.07.03"]
[EventType "swiss"]
[EventRounds "9"]
[EventCountry "FRA"]
[SourceTitle "CBM 137 Extra"]
[Source "ChessBase"]
[SourceDate "2010.09.01"]
[SourceVersion "1"]
[SourceVersionDate "2010.09.01"]
[SourceQuality "1"]

1. d4 d5 2. Nf3 Nf6 3. Bf4 e6 4. e3 c5 5. c3 Nc6 6. Bd3 Qb6 7. Qc2 cxd4 8. exd4 Be7 9. 0-0 0-0 10. Nbd2 Bd7 11. Ne5 h6 12. Ndf3 Rac8 13. Qe2 Nxe5 14. Nxe5 a6 15. Nxd7 Nxd7 16. Rfe1 Bd6 17. Bxh6 gxh6 18. Qg4+ Kh8 19. Qh5 Kg7 20. Re3 Nf6 21. Qh4 Rh8 22. f4 Be7 23. f5 Rc6 24. Rae1 Kf8 25. fxe6 Rxe6 26. Rxe6 fxe6 27. Qf4 Kf7 28. Qg3 Rg8 29. Qh3 h5 30. Re5 a5 31. Be2 a4 32. Bxh5+ Nxh5 33. Qxh5+ Rg6 34. Qh7+ Rg7 35. Qh5+ Kg8 36. Qe8+ Bf8 37. Rxe6 Qxb2 38. Re2 Qb1+ 39. Re1 Qg6 40. Qxg6 Rxg6 41. Rb1 Rg7 42. Rb5 Rc7 43. Rxd5 Rxc3 44. Rd8 Rc2 45. d5 Rxa2 46. d6 Rd2 0-1

[Event "La Fere op"]
[Site "La Fere"]
[Date "2010.07.04"]
[Round "2"]
[White "Lever, Erwan"]
[Black "De Brouwere, Johan"]
[Result "1-0"]
[WhiteElo "1595"]
[BlackElo "1835"]
[PlyCount "69"]
[EventDate "2010.07.03"]
[EventType "swiss"]
[EventRounds "9"]
[EventCountry "FRA"]
[SourceTitle "CBM 137 Extra"]
[Source "ChessBase"]
[SourceDate "2010.09.01"]
[SourceVersion "1"]
[SourceVersionDate "2010.09.01"]
[SourceQuality "1"]

1. d4 d5 2. Nf3 Nf6 3. Bf4 g6 4. e3 Bg7 5. c4 0-0 6. Nc3 c5 7. dxc5 Qa5 8. Rc1 Ne4 9. Be5 f6 10. Bg3 Rd8 11. cxd5 Nc6 12. Bc4 e6 13. 0-0 Nxg3 14. hxg3 Qxc5 15. dxe6 Qxc4 16. e7 Re8 17. Nd5 Qxa2 18. Nc7 Bg4 19. Nxa8 Qa5 20. Qb3+ Kh8 21. Qf7 Rxe7 22. Qc4 Be6 23. Qe4 Bd5 24. Qf4 g5 25. Qg4 Be6 26. Qe4 f5 27. Qd3 h6 28. Qd6 Qd8 29. Rxc6 Rd7 30. Qxe6 bxc6 31. Qxc6 Bxb2 32. Qxh6+ Rh7 33. Qxg5 Qxa8 34. Qxf5 a5 35. Ne5 1-0